000 00648nam a22002177a 4500
005 20260604152922.0
008 260604b |||||||| |||| 00| 0 eng d
020 _a9789391798345
_c4995.00
040 _aMAIN
041 _aEnglish
082 _a658.002
_bCON
100 _aBaroda, Satyawan (ed)
_927021
245 _aContemporary Issues in Innovations Entrepreneurship and Business Management
260 _aNew Delhi
_bAcademic
_c2025
300 _a473
650 _aManagement (PM USHA)
_927020
700 _a Ahlawat, Pradeep K. (ed)
_924752
700 _aNanda, Sanjay (ed)
_924753
700 _aKumar, Naresh (ed)
_924754
942 _cBK
999 _c61017
_d61017